MODERN quarternary research in Southeast Asia. vol. 9 : papers read at Symposium I, 12th Congress of the Indo-Pacific Prehistory Association, Philippines, 26 January-2 February 1985

Bibliographic Details
Other Authors: Bartstra, Casparie
Format: Book
Published: Rotterdam : A.A.Balkema , 1985
Subjects:

MARC

LEADER 00000cam a2200000 7i4500
001 0000002382
005 20030604.0
020 0 0 |a 9061916054 (vol. 9) 
090 0 0 |a 551.790959   |b MOD 1985 
245 0 0 |a MODERN quarternary research in Southeast Asia. vol. 9 :   |b papers read at Symposium I, 12th Congress of the Indo-Pacific Prehistory Association, Philippines, 26 January-2 February 1985   |c edited by Gert-Jan Bartstra, Willem Arnold Casparie 
260 0 0 |a Rotterdam :   |b A.A.Balkema ,   |c 1985 
300 |a v. :   |b ill. ;   |c 24 cm. 
500 0 0 |a Includes bibliographical references 
650 0 0 |a Geology, Stratigraphic   |y Quaternary 
650 0 0 |a Geology   |z Asia, Southeastern 
700 0 1 |a Bartstra   |h Gert-Jan 
700 0 1 |a Casparie   |h Willem Arnold 
998 |a JPSM 
999 |a 0000004181   |b Monograph   |c Open Shelf   |e Default branch